Laboratory manual in microbiology and parasitology fro nursing students / (Record no. 283869)
[ view plain ]
| 000 -LEADER | |
|---|---|
| fixed length control field | 00800nam a2200241 a 4500 |
| 003 - CONTROL NUMBER IDENTIFIER | |
| control field | PILC |
| 005 - DATE AND TIME OF LATEST TRANSACTION | |
| control field | 20150506161841.0 |
| 008 - FIXED-LENGTH DATA ELEMENTS--GENERAL INFORMATION | |
| fixed length control field | 100309s19uu xx 00 eng d |
| 020 ## - INTERNATIONAL STANDARD BOOK NUMBER | |
| International Standard Book Number | 9789715845502 |
| 050 ## - LIBRARY OF CONGRESS CALL NUMBER | |
| Classification number | QR 65 |
| Item number | .B675 2007 |
| 100 ## - MAIN ENTRY--PERSONAL NAME | |
| Personal name | Bognot, Filipinas L. |
| 245 ## - TITLE STATEMENT | |
| Title | Laboratory manual in microbiology and parasitology fro nursing students / |
| Statement of responsibility, etc | Filipinas L. Bognot [and 4 others]. |
| 260 ## - PUBLICATION, DISTRIBUTION, ETC. (IMPRINT) | |
| Place of publication, distribution, etc | Quezon City : |
| Name of publisher, distributor, etc | C & E Publishing, Inc, |
| Date of publication, distribution, etc | 2007. |
| 300 ## - PHYSICAL DESCRIPTION | |
| Extent | xvii, 156 pages : |
| Dimensions | 26 cm. |
| Other physical details | illustrations ; |
| 650 ## - SUBJECT ADDED ENTRY--TOPICAL TERM | |
| Topical term or geographic name as entry element | Microbiology |
| General subdivision | Handbooks, manuals, etc. |
| 650 ## - SUBJECT ADDED ENTRY--TOPICAL TERM | |
| Topical term or geographic name as entry element | Parasitology |
| General subdivision | Handbooks, manuals, etc. |
| 700 ## - ADDED ENTRY--PERSONAL NAME | |
| Personal name | Goce, Evelyn E. |
| 700 ## - ADDED ENTRY--PERSONAL NAME | |
| Personal name | Munoz, Dioned S. |
| 700 ## - ADDED ENTRY--PERSONAL NAME | |
| Personal name | Gonzales, Remedios S. |
| 700 ## - ADDED ENTRY--PERSONAL NAME | |
| Personal name | Mergal, Zenaida F. |
| 942 ## - ADDED ENTRY ELEMENTS (KOHA) | |
| Koha item type | Books |
| Source of classification or shelving scheme | Library of Congress Classification |
| Withdrawn status | Lost status | Source of classification or shelving scheme | Damaged status | Home library | Current library | Shelving location | Date acquired | Source of acquisition | Total Checkouts | Full call number | Barcode | Date last seen | Price effective from | Koha item type |
|---|---|---|---|---|---|---|---|---|---|---|---|---|---|---|
| Library of Congress Classification | Southville International School Affiliated with Foreign Universities Library | Southville International School Affiliated with Foreign Universities Library | Southville Foreign University Section | 05/06/2015 | Library Fund | QR 65 .B675 2007 | SFU1898 | 05/15/2018 | 05/06/2015 | Books |